[Event "XXVII Torneo B di Capodanno"]
[Site "Reggio nell'Emilia ITA"]
[Date "1984.12.27"]
[Round "1"]
[White "Beil, Zdenek"]
[Black "Passerotti, Pierluigi"]
[Result "1-0"]
[WhiteElo "2345"]
[BlackElo "2270"]
[PlyCount "131"]
[EventDate "1984.12.27"]

1. d4 Nf6 2. c4 e6 3. Nf3 d5 4. g3 dxc4 5. Bg2 c5 6. Qa4+ Nbd7 7. O-O a6 8. Nc3
Rb8 9. Qxc4 b5 10. Qd3 Bb7 11. Rd1 c4 12. Qc2 b4 13. Nb1 Nb6 14. Bg5 Be7 15.
Nbd2 Rc8 16. Bxf6 gxf6 17. Nf1 c3 18. bxc3 Rxc3 19. Qd2 Nc4 20. Qh6 Bf8 21. Qh4
Bg7 22. d5 e5 23. Qg4 O-O 24. d6 f5 25. Qxf5 Nxd6 26. Rxd6 Qxd6 27. Ng5 Rb8 28.
Qxf7+ Kh8 29. Bxb7 Qg6 30. Qxg6 hxg6 31. Bd5 a5 32. Bb3 a4 33. Bxa4 Ra8 34. Rd1
Bh6 35. Nf7+ Kg7 36. Bb3 Rxb3 37. axb3 Kxf7 38. f3 Ra2 39. Kf2 Rb2 40. Rd3 e4
41. fxe4 Bg7 42. Ne3 Bc3 43. Nd5 Rxb3 44. Nxb4 Rxb4 45. Rxc3 Rxe4 46. Rc5 Ra4
47. Kf3 Kf6 48. h4 Ra3+ 49. Kf4 Ra1 50. Rc6+ Kf7 51. e4 Ra3 52. g4 Ra5 53. e5
Kg7 54. Rc7+ Kg8 55. Kg5 Rxe5+ 56. Kxg6 Re6+ 57. Kh5 Re4 58. g5 Rb4 59. g6 Ra4
60. Kg5 Rb4 61. h5 Rb5+ 62. Kh6 Rb8 63. Rc5 Ra8 64. Kg5 Rb8 65. h6 Kh8 66. h7
1-0

[Event "XXVII Torneo B di Capodanno"]
[Site "Reggio nell'Emilia ITA"]
[Date "1984.12.27"]
[Round "1"]
[White "Johansen, Darryl Keith"]
[Black "Messa, Roberto"]
[Result "1-0"]
[WhiteElo "2440"]
[BlackElo "2255"]
[PlyCount "83"]
[EventDate "1984.12.27"]

1. d4 d5 2. Nf3 e6 3. Nbd2 Nf6 4. e3 c5 5. c3 Nc6 6. Bd3 Qc7 7. O-O Be7 8. Re1
O-O 9. e4 cxd4 10. cxd4 dxe4 11. Nxe4 Rd8 12. Qc2 g6 13. a3 Bd7 14. Bg5 Nd5 15.
Rac1 Be8 16. b4 Bxg5 17. Nexg5 Qe7 18. Qd2 Qf6 19. Ne4 Qg7 20. Bb5 Nde7 21. Qg5
h6 22. Nf6+ Kf8 23. Qf4 g5 24. Nxe8 Kxe8 25. Qe4 Kf8 26. Red1 Rd5 27. Bc4 g4
28. Ne5 Nxe5 29. dxe5 Rxd1+ 30. Rxd1 Nc6 31. Bf1 Qxe5 32. Qxg4 Rd8 33. Rxd8+
Nxd8 34. Qh4 Qg5 35. Qd4 Nc6 36. Qh8+ Ke7 37. Qa8 Qc1 38. Qxb7+ Kf6 39. Qc7 Qc2
40. b5 Nd4 41. Qf4+ Nf5 42. g4 1-0

[Event "XXVII Torneo B di Capodanno"]
[Site "Reggio nell'Emilia ITA"]
[Date "1984.12.27"]
[Round "1"]
[White "Sibilio, Mario"]
[Black "Bukal, Vladimir sr"]
[Result "0-1"]
[WhiteElo "2290"]
[BlackElo "2445"]
[PlyCount "76"]
[EventDate "1984.12.27"]

1. Nf3 Nf6 2. g3 d5 3. Bg2 c6 4. O-O Bg4 5. Ne5 Bh5 6. d4 Nbd7 7. c4 e6 8. Nc3
Nxe5 9. dxe5 Nd7 10. cxd5 cxd5 11. h3 Bc5 12. g4 Bg6 13. Bf4 a6 14. e4 d4 15.
Ne2 Nb8 16. Nc1 Nc6 17. Nd3 Ba7 18. Bg3 h5 19. f4 hxg4 20. Qxg4 Qe7 21. Qe2 Nb4
22. Kh2 Bh5 23. Qd2 Nxd3 24. Qxd3 Qb4 25. Rac1 Qxb2 26. Rc2 Qb4 27. f5 Bc5 28.
Rfc1 b6 29. Rc4 Qb2 30. R1c2 Qb1 31. Bf2 Bd1 32. fxe6 fxe6 33. Rxc5 bxc5 34.
Qc4 O-O 35. Qxe6+ Kh8 36. Rd2 Qc1 37. Rxd1 Qxd1 38. Bg3 d3 0-1

[Event "XXVII Torneo B di Capodanno"]
[Site "Reggio nell'Emilia ITA"]
[Date "1984.12.28"]
[Round "2"]
[White "Bukal, Vladimir sr"]
[Black "Beil, Zdenek"]
[Result "1-0"]
[WhiteElo "2445"]
[BlackElo "2345"]
[PlyCount "81"]
[EventDate "1984.12.27"]

1. c4 g6 2. Nc3 Bg7 3. Nf3 Nf6 4. g3 O-O 5. Bg2 d6 6. O-O e5 7. d4 Nbd7 8. e4
c6 9. h3 Qb6 10. Re1 exd4 11. Nxd4 Ne8 12. Nc2 a5 13. Bd2 a4 14. Rb1 Nc5 15. b4
axb3 16. axb3 f5 17. exf5 Bxf5 18. g4 Bd7 19. b4 Ne6 20. Ne4 d5 21. cxd5 cxd5
22. Nc5 Nxc5 23. Be3 d4 24. bxc5 Qxc5 25. Nxd4 Ba4 26. Qd2 Qa5 27. Qa2+ Kh8 28.
Ne6 Rg8 29. Nxg7 Nxg7 30. Bd4 Qd8 31. Qb2 Bc6 32. Bf6 Qf8 33. Re7 Re8 34. Rbe1
Rxe7 35. Rxe7 h6 36. Bxc6 bxc6 37. h4 Kh7 38. Kg2 c5 39. f3 c4 40. h5 Qc8 41.
Bxg7 1-0

[Event "XXVII Torneo B di Capodanno"]
[Site "Reggio nell'Emilia ITA"]
[Date "1984.12.28"]
[Round "2"]
[White "Domont, Alexandre"]
[Black "Sibilio, Mario"]
[Result "1/2-1/2"]
[WhiteElo "2280"]
[BlackElo "2290"]
[PlyCount "48"]
[EventDate "1984.12.27"]

1. e4 g6 2. d4 Bg7 3. Nf3 c5 4. Nc3 cxd4 5. Nxd4 Nc6 6. Nxc6 bxc6 7. Bc4 d6 8.
Qf3 Nf6 9. e5 dxe5 10. Bb5 O-O 11. Bxc6 Bg4 12. Qe3 Rc8 13. Bf3 Bxf3 14. Qxf3
Qb6 15. O-O Rfd8 16. Rb1 e4 17. Qh3 a6 18. Be3 Qb8 19. Qh4 Qe5 20. Rfe1 Nd5 21.
Nxe4 Nxe3 22. Rxe3 Qxb2 23. Rbe1 Bf6 24. Nxf6+ Qxf6 1/2-1/2

[Event "XXVII Torneo B di Capodanno"]
[Site "Reggio nell'Emilia ITA"]
[Date "1984.12.28"]
[Round "2"]
[White "Johansen, Darryl Keith"]
[Black "Wagman, Stuart"]
[Result "1-0"]
[WhiteElo "2440"]
[BlackElo "2220"]
[PlyCount "101"]
[EventDate "1984.12.27"]

1. c4 e6 2. Nf3 d5 3. d4 Nf6 4. Nc3 Be7 5. Bf4 O-O 6. e3 c5 7. dxc5 Bxc5 8.
cxd5 exd5 9. Be2 Nc6 10. O-O a6 11. Ne5 Ne7 12. Nd3 Ba7 13. Be5 Ne4 14. Bf3 Bf5
15. Nf4 Nc6 16. Qxd5 Qxd5 17. Ncxd5 Nxe5 18. Ne7+ Kh8 19. Nxf5 Nxf3+ 20. gxf3
Nd2 21. Rfd1 Nxf3+ 22. Kg2 Ne5 23. Rac1 g6 24. Nd6 Rad8 25. Rd5 Rd7 26. b3 Bb8
27. Rxe5 Rxd6 28. Re7 Rd2 29. a4 b5 30. Rc6 bxa4 31. bxa4 Bxf4 32. exf4 Rd4 33.
Rxa6 Rxf4 34. Rea7 Kg7 35. Kg3 Rf5 36. Ra8 Rxa8 37. Rxa8 Rc5 38. Rb8 Rc4 39. a5
Ra4 40. Rb5 h6 41. Kf3 h5 42. Ke3 Ra3+ 43. Kd4 Ra2 44. Ke3 Ra3+ 45. Kd4 Ra2 46.
Kc5 Rxf2 47. h4 Ra2 48. Kb6 f6 49. a6 g5 50. hxg5 h4 51. a7 1-0

[Event "XXVII Torneo B di Capodanno"]
[Site "Reggio nell'Emilia ITA"]
[Date "1984.12.28"]
[Round "2"]
[White "Messa, Roberto"]
[Black "Passerotti, Pierluigi"]
[Result "1/2-1/2"]
[WhiteElo "2255"]
[BlackElo "2270"]
[PlyCount "30"]
[EventDate "1984.12.27"]

1. e4 e5 2. Nf3 d6 3. d4 exd4 4. Qxd4 Nc6 5. Bb5 Bd7 6. Bxc6 Bxc6 7. Nc3 Nf6 8.
Bg5 Be7 9. O-O-O O-O 10. Rhe1 Re8 11. Kb1 a5 12. a4 Nd7 13. Bxe7 Qxe7 14. Nd5
Bxd5 15. exd5 Qf6 1/2-1/2

[Event "XXVII Torneo B di Capodanno"]
[Site "Reggio nell'Emilia ITA"]
[Date "1984.12.29"]
[Round "3"]
[White "Beil, Zdenek"]
[Black "Domont, Alexandre"]
[Result "1-0"]
[WhiteElo "2345"]
[BlackElo "2280"]
[PlyCount "47"]
[EventDate "1984.12.27"]

1. d4 d5 2. c4 c6 3. Nf3 Nf6 4. Nc3 dxc4 5. a4 Bg4 6. Ne5 Bh5 7. g3 e6 8. Bg2
Bb4 9. O-O Nd5 10. Qc2 Na6 11. Rd1 O-O 12. Nxc4 Qe7 13. Na2 Rfd8 14. b3 Rac8
15. Nxb4 Ndxb4 16. Qb2 Bg6 17. Bf4 Nd5 18. Bd2 Bh5 19. Re1 Nab4 20. Bf1 b5 21.
Ne3 Rc7 22. Rec1 Bg6 23. Nxd5 cxd5 24. Bxb4 1-0

[Event "XXVII Torneo B di Capodanno"]
[Site "Reggio nell'Emilia ITA"]
[Date "1984.12.29"]
[Round "3"]
[White "Passerotti, Pierluigi"]
[Black "Bukal, Vladimir sr"]
[Result "1-0"]
[WhiteElo "2270"]
[BlackElo "2445"]
[PlyCount "49"]
[EventDate "1984.12.27"]

1. e4 e6 2. d4 d5 3. Nc3 Bb4 4. e5 c5 5. a3 Bxc3+ 6. bxc3 Ne7 7. Qg4 Nbc6 8.
Qxg7 Rg8 9. Qxh7 cxd4 10. Nf3 Qa5 11. Rb1 Bd7 12. Rxb7 Qxc3+ 13. Kd1 Na5 14.
Bb2 Qc5 15. Rb4 Nc4 16. Bxd4 Qa5 17. Bd3 Qxa3 18. Rb3 Qa5 19. Ke2 Qc7 20. Rhb1
a5 21. Rb7 Qc6 22. h4 Bc8 23. Rxe7+ Kxe7 24. Qxg8 Ba6 25. Bc5+ 1-0

[Event "XXVII Torneo B di Capodanno"]
[Site "Reggio nell'Emilia ITA"]
[Date "1984.12.29"]
[Round "3"]
[White "Sibilio, Mario"]
[Black "Rivello, Roberto"]
[Result "1-0"]
[WhiteElo "2290"]
[BlackElo "2345"]
[PlyCount "77"]
[EventDate "1984.12.27"]

1. Nf3 Nf6 2. c4 g6 3. b3 Bg7 4. Bb2 O-O 5. g3 d6 6. Bg2 e5 7. O-O Nbd7 8. Nc3
Re8 9. e3 Nf8 10. d4 e4 11. Nd2 Bf5 12. Nd5 N8d7 13. f3 c6 14. Nc3 exf3 15.
Qxf3 Ng4 16. Nd1 Ngf6 17. Nf2 Qa5 18. Nb1 Bxb1 19. Rfxb1 d5 20. Re1 Ne4 21.
Nxe4 Rxe4 22. cxd5 cxd5 23. Qf2 Re7 24. e4 dxe4 25. Rxe4 Rxe4 26. Bxe4 Rb8 27.
a3 Nb6 28. Re1 Qh5 29. Kg2 Nd5 30. Rf1 Rf8 31. Kh1 b6 32. g4 Qg5 33. h4 Qd8 34.
g5 h6 35. Qf3 Nc7 36. b4 hxg5 37. h5 Bxd4 38. hxg6 g4 39. gxf7+ 1-0

[Event "XXVII Torneo B di Capodanno"]
[Site "Reggio nell'Emilia ITA"]
[Date "1984.12.29"]
[Round "3"]
[White "Wagman, Stuart"]
[Black "Messa, Roberto"]
[Result "0-1"]
[WhiteElo "2220"]
[BlackElo "2255"]
[PlyCount "94"]
[EventDate "1984.12.27"]

1. e4 e6 2. d4 d5 3. Nd2 Nf6 4. e5 Nfd7 5. Bd3 c5 6. c3 Nc6 7. Ngf3 cxd4 8.
cxd4 f5 9. exf6 Qxf6 10. O-O Bd6 11. Nb3 h6 12. Bd2 O-O 13. Rc1 e5 14. dxe5
Ndxe5 15. Nxe5 Nxe5 16. Be2 Kh8 17. Bc3 Qf4 18. Nd4 Nd3 19. g3 Qxc1 20. Qxd3
Qg5 21. Nf3 Qf5 22. Qd2 Kg8 23. Nh4 Qf7 24. Qd4 Be6 25. Bh5 Qc7 26. Ng6 Bc5 27.
Qd3 Rfd8 28. Bd1 d4 29. Bd2 Qf7 30. Ne5 Qf5 31. Bb3 Qxe5 32. Re1 Qxe1+ 33. Bxe1
Bxb3 34. Qxb3+ Kh8 35. Bd2 d3 36. Qxb7 Rab8 37. Qc6 Rbc8 38. Qg6 Bd4 39. Bxh6
gxh6 40. Qxh6+ Kg8 41. Qg6+ Bg7 42. Qe6+ Kf8 43. Qf5+ Ke7 44. Qe4+ Kf7 45. Qf5+
Bf6 46. Qh7+ Kf8 47. Qh6+ Bg7 0-1

[Event "XXVII Torneo B di Capodanno"]
[Site "Reggio nell'Emilia ITA"]
[Date "1984.12.30"]
[Round "4"]
[White "Cramling, Dan"]
[Black "Sibilio, Mario"]
[Result "1-0"]
[WhiteElo "2380"]
[BlackElo "2290"]
[PlyCount "97"]
[EventDate "1984.12.27"]

1. c4 g6 2. e4 c5 3. Nf3 Bg7 4. d4 cxd4 5. Nxd4 Nc6 6. Be3 Nf6 7. Nc3 Ng4 8.
Qxg4 Nxd4 9. Qd1 e5 10. Nb5 O-O 11. Qd2 Qh4 12. Bd3 d5 13. cxd5 Bh3 14. Bxd4
Bxg2 15. Rg1 Bxe4 16. Bxe4 exd4 17. Bg2 a6 18. Na3 d3 19. Kf1 Rfe8 20. Qxd3
Bxb2 21. Rd1 Rac8 22. d6 Rc3 23. d7 Rd8 24. Qd2 Qa4 25. Nb1 Rc2 26. Qd5 Qh4 27.
Nd2 Bd4 28. Qf3 Rxd7 29. Ne4 Rxa2 30. Bh3 Rd8 31. Rg4 Qe7 32. Rxd4 Rxd4 33.
Nf6+ Kg7 34. Nh5+ Kf8 35. Rxd4 gxh5 36. Qxh5 Qf6 37. Qc5+ Kg7 38. Rg4+ Kh6 39.
Kg2 Qc6+ 40. Qxc6+ bxc6 41. Rc4 f6 42. Rxc6 Kg5 43. Kg3 Ra3+ 44. f3 h5 45. Rc5+
Kg6 46. Bf5+ Kh6 47. h4 Kg7 48. Rc7+ Kf8 49. Bg6 1-0

[Event "XXVII Torneo B di Capodanno"]
[Site "Reggio nell'Emilia ITA"]
[Date "1984.12.30"]
[Round "4"]
[White "Domont, Alexandre"]
[Black "Passerotti, Pierluigi"]
[Result "0-1"]
[WhiteElo "2280"]
[BlackElo "2270"]
[PlyCount "62"]
[EventDate "1984.12.27"]

1. e4 e5 2. Nf3 Nc6 3. Bc4 Nf6 4. d3 Bc5 5. c3 O-O 6. O-O d6 7. Bb3 a6 8. Re1
Ba7 9. Nbd2 Be6 10. Nf1 Bxb3 11. Qxb3 Rb8 12. Bg5 h6 13. Bh4 Kh8 14. Rad1 g5
15. Bg3 Nh5 16. d4 f6 17. Ne3 Qe8 18. Nf5 Kh7 19. Qc4 Qf7 20. Qe2 Rbe8 21. a4
Ne7 22. Nxe7 Rxe7 23. Rd2 Qg6 24. h3 Rfe8 25. Bh2 exd4 26. e5 dxc3 27. bxc3
fxe5 28. Rb2 c6 29. Kh1 Bc5 30. Nd2 d5 31. c4 Nf4 0-1

[Event "XXVII Torneo B di Capodanno"]
[Site "Reggio nell'Emilia ITA"]
[Date "1984.12.30"]
[Round "4"]
[White "Messa, Roberto"]
[Black "Bukal, Vladimir sr"]
[Result "0-1"]
[WhiteElo "2255"]
[BlackElo "2445"]
[PlyCount "90"]
[EventDate "1984.12.27"]

1. e4 e6 2. d4 d5 3. Nd2 Nf6 4. e5 Nfd7 5. Ngf3 c5 6. c3 Nc6 7. Bd3 cxd4 8.
cxd4 Qb6 9. O-O Nxd4 10. Nxd4 Qxd4 11. Nf3 Qb6 12. Qa4 Qb4 13. Qc2 Qc5 14. Qb1
Qc7 15. Bf4 h6 16. Rc1 Qd8 17. Qc2 Nc5 18. Bf1 Bd7 19. b4 Na4 20. Qd2 Be7 21.
Bd3 Nb6 22. Be3 a6 23. Nd4 Ba4 24. Rab1 Nc4 25. Bxc4 dxc4 26. Rxc4 Qd5 27. Rbc1
Rd8 28. Rc7 Qxe5 29. Rxb7 Bd6 30. Nf3 Qe4 31. Bb6 Qxb7 32. Bxd8 Bxb4 33. Rb1
Bxd2 34. Rxb7 Bc3 35. Be7 g5 36. Bb4 Bf6 37. Nd2 Bc6 38. Ra7 Bd5 39. Nb3 Bd8
40. Bd6 h5 41. Nc5 Rh6 42. Rxa6 Be7 43. Bxe7 Kxe7 44. Ra7+ Kd6 45. Nb7+ Kc7 0-1

[Event "XXVII Torneo B di Capodanno"]
[Site "Reggio nell'Emilia ITA"]
[Date "1984.12.30"]
[Round "4"]
[White "Rivello, Roberto"]
[Black "Beil, Zdenek"]
[Result "0-1"]
[WhiteElo "2345"]
[BlackElo "2345"]
[PlyCount "56"]
[EventDate "1984.12.27"]

1. e4 c5 2. Nf3 e6 3. d4 cxd4 4. Nxd4 Nc6 5. Nb5 d6 6. c4 Nf6 7. N1c3 a6 8. Na3
Be7 9. Be2 O-O 10. O-O b6 11. Be3 Bb7 12. f3 Ne5 13. Qe1 Nfd7 14. f4 Ng6 15.
Bd3 Nc5 16. Bc2 Bf6 17. Rd1 Bxc3 18. Qxc3 Nxe4 19. Qd4 f5 20. Bxe4 Bxe4 21.
Qxd6 Qh4 22. Rde1 Qg4 23. Rf2 Rad8 24. Qxe6+ Kh8 25. Bd2 Rf6 26. h3 Qh4 27.
Rxe4 fxe4 28. Qg4 Rxd2 0-1

[Event "XXVII Torneo B di Capodanno"]
[Site "Reggio nell'Emilia ITA"]
[Date "1984.12.31"]
[Round "5"]
[White "Beil, Zdenek"]
[Black "Cramling, Dan"]
[Result "1/2-1/2"]
[WhiteElo "2345"]
[BlackElo "2380"]
[PlyCount "33"]
[EventDate "1984.12.27"]

1. d4 g6 2. c4 d6 3. Nf3 Bg7 4. g3 Nd7 5. Bg2 e5 6. Nc3 Ne7 7. e4 exd4 8. Nxd4
Nc6 9. Nce2 O-O 10. O-O Re8 11. Be3 Nde5 12. Rc1 Ng4 13. Nxc6 Nxe3 14. Nxd8
Nxd1 15. Rfxd1 Rxd8 16. b3 Bd7 17. Nc3 1/2-1/2

[Event "XXVII Torneo B di Capodanno"]
[Site "Reggio nell'Emilia ITA"]
[Date "1984.12.31"]
[Round "5"]
[White "Bukal, Vladimir sr"]
[Black "Domont, Alexandre"]
[Result "1/2-1/2"]
[WhiteElo "2445"]
[BlackElo "2280"]
[PlyCount "56"]
[EventDate "1984.12.27"]

1. c4 e6 2. Nc3 d5 3. d4 c5 4. e3 Nc6 5. Nf3 Nf6 6. cxd5 exd5 7. Be2 a6 8. O-O
Bd6 9. dxc5 Bxc5 10. b3 O-O 11. Bb2 Ba7 12. Rc1 Re8 13. Rc2 h6 14. Rd2 Be6 15.
Nxd5 Nxd5 16. e4 Ne3 17. Rxd8 Raxd8 18. Qa1 Nxf1 19. Kxf1 f6 20. h3 Rd7 21. g4
Bf7 22. e5 Nxe5 23. Nxe5 fxe5 24. Bxe5 Bxf2 25. Kxf2 Rde7 26. Bxg7 Rxe2+ 27.
Kg3 Re1 28. Qd4 R1e4 1/2-1/2

[Event "XXVII Torneo B di Capodanno"]
[Site "Reggio nell'Emilia ITA"]
[Date "1984.12.31"]
[Round "5"]
[White "Passerotti, Pierluigi"]
[Black "Rivello, Roberto"]
[Result "1-0"]
[WhiteElo "2270"]
[BlackElo "2345"]
[PlyCount "103"]
[EventDate "1984.12.27"]

1. f4 g6 2. Nf3 Bg7 3. g3 c5 4. Bg2 Nc6 5. O-O d6 6. d3 Nh6 7. e4 f5 8. c3 O-O
9. Qb3+ Kh8 10. Ng5 Qb6 11. Qxb6 axb6 12. Na3 Nd4 13. Bd2 Ne2+ 14. Kh1 Nxc3 15.
e5 Na4 16. Nb5 Nxb2 17. Nc7 Ra7 18. exd6 exd6 19. Nce6 Bxe6 20. Nxe6 Nxd3 21.
Nxf8 Bxf8 22. Rab1 Rxa2 23. Bc3+ Bg7 24. Bxg7+ Kxg7 25. Rxb6 Ng4 26. Rxd6 Rd2
27. Rd7+ Kh6 28. Re7 c4 29. h3 Ngf2+ 30. Kg1 c3 31. Rxb7 c2 32. Rc7 Ne4 33. g4
Nxf4 34. Rxf4 Rd1+ 35. Rf1 Rxf1+ 36. Bxf1 fxg4 37. hxg4 Nf6 38. Rxc2 Nxg4 39.
Ra2 Ne3 40. Ba6 Kg5 41. Ra3 Nf5 42. Ra1 h5 43. Kh2 h4 44. Rg1+ Kh6 45. Bd3 Ne7
46. Ra1 Kg5 47. Rg1+ Kf6 48. Kh3 g5 49. Bb1 Nf5 50. Re1 Ne7 51. Kg2 Nf5 52. Kf3
1-0

[Event "XXVII Torneo B di Capodanno"]
[Site "Reggio nell'Emilia ITA"]
[Date "1984.12.31"]
[Round "5"]
[White "Sibilio, Mario"]
[Black "Johansen, Darryl Keith"]
[Result "0-1"]
[WhiteElo "2290"]
[BlackElo "2440"]
[PlyCount "93"]
[EventDate "1984.12.27"]

1. d4 Nf6 2. Nf3 e6 3. g3 b6 4. Bg2 Bb7 5. O-O Be7 6. c4 O-O 7. b3 d5 8. Bb2
Na6 9. Nbd2 c5 10. e3 cxd4 11. Nxd4 Nc5 12. Qe2 Qc8 13. Rfc1 dxc4 14. Nxc4 Bxg2
15. Kxg2 Qb7+ 16. f3 Rfc8 17. Rd1 Ne8 18. Rac1 a5 19. Ne5 Bf8 20. e4 Nd6 21.
Nc2 a4 22. b4 Nd7 23. Ng4 Nc4 24. Ba1 b5 25. Rd3 h5 26. Rcd1 Rc7 27. Nge3 Nde5
28. Rd8 Rxd8 29. Rxd8 Rd7 30. Rxd7 Qxd7 31. Bd4 g6 32. h3 Bg7 33. f4 Nxe3+ 34.
Qxe3 Nc4 35. Qc3 e5 36. fxe5 Qc6 37. Qd3 Nxe5 38. Bxe5 Bxe5 39. Ne3 Kg7 40. Nd5
Qc1 41. Qxb5 Qb2+ 42. Kf3 Qxa2 43. Ne3 Bd4 44. Qd3 Qb2 45. b5 Bxe3 46. Qxe3 a3
47. Qf4 0-1

[Event "XXVII Torneo B di Capodanno"]
[Site "Reggio nell'Emilia ITA"]
[Date "1985.01.01"]
[Round "6"]
[White "Cramling, Dan"]
[Black "Passerotti, Pierluigi"]
[Result "1-0"]
[WhiteElo "2380"]
[BlackElo "2270"]
[PlyCount "97"]
[EventDate "1984.12.27"]

1. c4 e6 2. Nc3 d5 3. d4 Nf6 4. cxd5 exd5 5. Bg5 c6 6. e3 Be7 7. Qc2 Bg4 8. Bd3
Nbd7 9. Nge2 Nh5 10. Bxe7 Qxe7 11. O-O Bxe2 12. Bxe2 Nhf6 13. b4 a6 14. Na4 O-O
15. Nc5 Ra7 16. Rac1 Ne8 17. Bd3 Ndf6 18. a4 Nd6 19. a5 Raa8 20. Rfe1 g6 21.
Qb3 Rfe8 22. Rc2 Qf8 23. Rce2 Re7 24. f3 Rae8 25. e4 Nb5 26. Qb2 Qh6 27. Bxb5
axb5 28. e5 Nh5 29. g3 Ng7 30. Qc3 Ne6 31. a6 bxa6 32. Nxa6 Qg5 33. Ra2 Ra7 34.
Qxc6 Rea8 35. Qxb5 Nc7 36. Qc6 Nxa6 37. e6 Qe7 38. b5 Nb4 39. Qxa8+ Rxa8 40.
Rxa8+ Kg7 41. b6 fxe6 42. Ra7 Kf6 43. Rxe7 Kxe7 44. Rc1 Kd6 45. b7 Na6 46. Rc8
e5 47. dxe5+ Kxe5 48. b8=Q+ Nxb8 49. Rxb8 1-0

[Event "XXVII Torneo B di Capodanno"]
[Site "Reggio nell'Emilia ITA"]
[Date "1985.01.01"]
[Round "6"]
[White "Johansen, Darryl Keith"]
[Black "Beil, Zdenek"]
[Result "1/2-1/2"]
[WhiteElo "2440"]
[BlackElo "2345"]
[PlyCount "53"]
[EventDate "1984.12.27"]

1. d4 d5 2. c4 c6 3. Nf3 Nf6 4. Nc3 a6 5. cxd5 cxd5 6. Bf4 Nc6 7. e3 Bg4 8. h3
Bxf3 9. Qxf3 e6 10. Bd3 Be7 11. O-O O-O 12. Rfc1 Qd7 13. Qd1 Rfc8 14. Na4 Qd8
15. Nc5 Nb4 16. Nxb7 Qb6 17. Nc5 Bxc5 18. dxc5 Rxc5 19. Rxc5 Qxc5 20. Rc1 Qa5
21. Bb1 Nxa2 22. Bc7 Rc8 23. Bxa5 Rxc1 24. Bc2 Rxd1+ 25. Bxd1 Nc1 26. Bc2 Ne4
27. Bb4 1/2-1/2

[Event "XXVII Torneo B di Capodanno"]
[Site "Reggio nell'Emilia ITA"]
[Date "1985.01.01"]
[Round "6"]
[White "Messa, Roberto"]
[Black "Domont, Alexandre"]
[Result "1-0"]
[WhiteElo "2255"]
[BlackElo "2280"]
[PlyCount "145"]
[EventDate "1984.12.27"]

1. e4 c5 2. Nf3 Nc6 3. d4 cxd4 4. Nxd4 Nf6 5. Nc3 e5 6. Ndb5 d6 7. Bg5 a6 8.
Na3 b5 9. Bxf6 gxf6 10. Nd5 f5 11. c3 Bg7 12. exf5 Bxf5 13. Nc2 O-O 14. Nce3
Be6 15. Bd3 f5 16. Qh5 e4 17. Bc2 Be5 18. O-O Ra7 19. Bb3 Qd7 20. f4 Bg7 21. g4
Kh8 22. gxf5 Bxf5 23. Nb6 Qd8 24. Nxf5 Qxb6+ 25. Kh1 Qc5 26. Nxg7 Rxg7 27. Qxc5
dxc5 28. Rae1 Na5 29. Bd5 Rd8 30. Bxe4 Nc4 31. f5 Nxb2 32. f6 Rf7 33. Bd5 Rff8
34. Rf5 Nd3 35. Re7 Nf4 36. Bb3 c4 37. Rxf4 cxb3 38. axb3 Rd6 39. f7 Kg7 40.
Ra7 Rf6 41. Rxf6 Kxf6 42. Rxa6+ Kxf7 43. Rc6 Rd8 44. Kg2 Rd3 45. b4 Kg7 46. Rc5
Kf7 47. h4 Kg7 48. h5 Kh6 49. Kh2 Re3 50. Kg2 Rd3 51. Kf2 Rh3 52. Rxb5 Rxc3 53.
Kg2 Rb3 54. Kf2 Kg7 55. Ke2 Kf6 56. Kd2 Ke6 57. Kc2 Rh3 58. h6 Kf7 59. Rb6 Ke8
60. Ra6 Kf7 61. b5 Rh5 62. Rb6 Rh3 63. Rc6 Rh5 64. b6 Rb5 65. Kd3 Ke8 66. Kc4
Rb1 67. Kd5 Kd8 68. Ke6 Rb2 69. Kf7 Kd7 70. Rf6 Re2 71. Kg7 Ke7 72. Rf7+ Ke6
73. Kf8 1-0

[Event "XXVII Torneo B di Capodanno"]
[Site "Reggio nell'Emilia ITA"]
[Date "1985.01.01"]
[Round "6"]
[White "Rivello, Roberto"]
[Black "Bukal, Vladimir sr"]
[Result "0-1"]
[WhiteElo "2345"]
[BlackElo "2445"]
[PlyCount "49"]
[EventDate "1984.12.27"]

1. e4 e6 2. d4 d5 3. e5 c5 4. c3 Nc6 5. Nf3 cxd4 6. cxd4 Nge7 7. a3 a5 8. Nc3
Nf5 9. Be2 Bd7 10. O-O Be7 11. Be3 Nxe3 12. fxe3 O-O 13. Bd3 f5 14. Kh1 Be8 15.
Rc1 g5 16. Nd2 h5 17. g3 Kg7 18. Na4 g4 19. Nc5 Bxc5 20. Rxc5 h4 21. Kg2 Qg5
22. Qe2 Rh8 23. Rcc1 Qh6 24. Rh1 Bg6 25. Qf1 0-1

[Event "XXVII Torneo B di Capodanno"]
[Site "Reggio nell'Emilia ITA"]
[Date "1985.01.01"]
[Round "6"]
[White "Wagman, Stuart"]
[Black "Sibilio, Mario"]
[Result "1/2-1/2"]
[WhiteElo "2220"]
[BlackElo "2290"]
[PlyCount "69"]
[EventDate "1984.12.27"]

1. e4 c5 2. Nf3 Nc6 3. d4 cxd4 4. Nxd4 Qb6 5. Nb3 Nf6 6. Nc3 e6 7. Be2 Be7 8.
O-O O-O 9. Be3 Qc7 10. f4 d5 11. e5 Ne4 12. Nxe4 dxe4 13. c3 b6 14. Qc2 Bb7 15.
Qxe4 Rfd8 16. Qb1 Na5 17. Nxa5 bxa5 18. Qe1 Be4 19. Bf3 Bxf3 20. Rxf3 Rab8 21.
Qe2 Bc5 22. Bxc5 Qxc5+ 23. Rf2 a4 24. a3 g6 25. h3 Rd7 26. Kh2 Rdb7 27. Rd1
Rxb2 28. Qxb2 Rxb2 29. Rxb2 g5 30. Rb4 gxf4 31. Rxf4 Qxe5 32. Rdd4 f5 33. Rxa4
Qxc3 34. Rxa7 Qe3 35. Rfa4 1/2-1/2

[Event "XXVII Torneo B di Capodanno"]
[Site "Reggio nell'Emilia ITA"]
[Date "1985.01.02"]
[Round "7"]
[White "Beil, Zdenek"]
[Black "Wagman, Stuart"]
[Result "1-0"]
[WhiteElo "2345"]
[BlackElo "2220"]
[PlyCount "37"]
[EventDate "1984.12.27"]

1. Nf3 Nf6 2. g3 d5 3. Bg2 e6 4. O-O Be7 5. d4 O-O 6. c4 dxc4 7. Qc2 a6 8. Qxc4
b5 9. Qc2 Bb7 10. Bf4 Nc6 11. Rd1 Nb4 12. Qc1 Qc8 13. Bg5 Nbd5 14. Nbd2 h6 15.
Bxf6 Nxf6 16. Nb3 Nd7 17. Qe3 a5 18. d5 Nf6 19. dxe6 1-0

[Event "XXVII Torneo B di Capodanno"]
[Site "Reggio nell'Emilia ITA"]
[Date "1985.01.02"]
[Round "7"]
[White "Bukal, Vladimir sr"]
[Black "Cramling, Dan"]
[Result "1-0"]
[WhiteElo "2445"]
[BlackElo "2380"]
[PlyCount "71"]
[EventDate "1984.12.27"]

1. c4 e5 2. Nc3 d6 3. Nf3 g6 4. d4 Nd7 5. Bg5 f6 6. Bd2 Bg7 7. e4 Nh6 8. Be2
O-O 9. b4 f5 10. Bg5 Nf6 11. dxe5 dxe5 12. Qxd8 Rxd8 13. Nd5 Nxd5 14. Bxd8 Nxb4
15. O-O c5 16. Rfd1 Nc6 17. Ng5 Nd4 18. Bf3 f4 19. Rd3 b6 20. Rb1 Bd7 21. Bc7
Rc8 22. Bd6 Bf6 23. h4 Nf7 24. Nxf7 Kxf7 25. Ra3 Nc6 26. h5 Be6 27. hxg6+ hxg6
28. Be2 Ke8 29. Ra6 Kd7 30. Rd1 Nd4 31. Rxd4 cxd4 32. c5 bxc5 33. Bb5+ Kd8 34.
Rxa7 f3 35. gxf3 Bh3 36. Rf7 1-0

[Event "XXVII Torneo B di Capodanno"]
[Site "Reggio nell'Emilia ITA"]
[Date "1985.01.02"]
[Round "7"]
[White "Domont, Alexandre"]
[Black "Rivello, Roberto"]
[Result "1/2-1/2"]
[WhiteElo "2280"]
[BlackElo "2345"]
[PlyCount "53"]
[EventDate "1984.12.27"]

1. e4 c5 2. Nc3 d6 3. f4 Nc6 4. Nf3 g6 5. Bc4 Bg7 6. O-O e6 7. f5 exf5 8. Qe1
Nge7 9. d3 Ne5 10. Nxe5 dxe5 11. Be3 b6 12. exf5 Nxf5 13. Bd5 Rb8 14. g4 Nd6
15. Bh6 O-O 16. Bxg7 Kxg7 17. Qxe5+ f6 18. Qf4 Bb7 19. Rae1 Nf7 20. Qe4 Bxd5
21. Nxd5 Re8 22. Ne7 Qd6 23. Qc6 Qxc6 24. Nxc6 Rxe1 25. Rxe1 Rb7 26. Re7 Rxe7
27. Nxe7 1/2-1/2

[Event "XXVII Torneo B di Capodanno"]
[Site "Reggio nell'Emilia ITA"]
[Date "1985.01.02"]
[Round "7"]
[White "Passerotti, Pierluigi"]
[Black "Johansen, Darryl Keith"]
[Result "0-1"]
[WhiteElo "2270"]
[BlackElo "2440"]
[PlyCount "88"]
[EventDate "1984.12.27"]

1. e4 e6 2. d4 d5 3. Nc3 Bb4 4. e5 b6 5. Qg4 Bf8 6. a4 a5 7. Nh3 c6 8. Nf4 g6
9. Bd3 Ba6 10. O-O Ne7 11. Nce2 Qd7 12. Be3 h5 13. Qf3 Bg7 14. Rad1 Bxd3 15.
Nxd3 Na6 16. b3 Nf5 17. Bg5 Rc8 18. Ndf4 Nc7 19. Rfe1 b5 20. h3 bxa4 21. g4
hxg4 22. hxg4 Ne7 23. Nd3 Na6 24. Nc3 axb3 25. Na4 bxc2 26. Rc1 Qa7 27. Nac5
Nxc5 28. Nxc5 Rb8 29. Rxc2 Rb4 30. Qe3 Nc8 31. Kg2 Bf8 32. Bf6 Rh7 33. Rec1 Nb6
34. Nd3 Rc4 35. Qf3 Qb7 36. Bg5 Rxc2 37. Rxc2 Nc4 38. Nc5 Bxc5 39. dxc5 f5 40.
exf6 Kf7 41. Rc1 e5 42. Rh1 Rxh1 43. Kxh1 Qb1+ 44. Kh2 Qf1 0-1